000 01136cad a22002535a 4500
001 E149416
008 100304s2010 xxk f s000 0 eng d
035 _a(Sirsi) u149417
041 0 _aeng
110 2 _aScotland
_kLaws, etc
245 0 4 _aThe Non-Domestic Rates (Levying) (Scotland) Regulations 2010
_h[electronic resource]
260 _aEdinburgh
_bScottish Government
_c2010
490 0 _aScottish Statutory Instrument
_v2010: 43
520 _aRegulations concern the amount payable in certain circumstances as non-domestic rates in respect of non-domestic subjects in Scotland. They apply to the financial year 2010-2011.
520 _aComes into force 1 April 2010.
521 _aAdvanced
590 _aKA
650 2 4 _aNON-DOMESTIC RATES (LEVYING) (SCOTLAND) REGULATIONS 2010
650 2 4 _aNON-DOMESTIC RATE (SCOTLAND) ORDER 2010
651 4 _aScotland
_y1999-
690 _aPROPERTY-COMMERCIAL PROPERTY-COMMERCIAL PROPERTY TAXATION-BUSINESS RATES
856 4 0 _uhttps://www.opsi.gov.uk/legislation/scotland/ssi2010/ssi_20100043_en_1
_zView the statutory instrument free of charge at www.opsi.gov.uk...
942 _n0
999 _c110494
_d110494